| 000 | 00859 a2200181 4500 | ||
|---|---|---|---|
| 003 | Nust | ||
| 005 | 20220728182943.0 | ||
| 020 | _a0070534543 | ||
| 040 | _cNust | ||
| 082 | _a004.6,MCN | ||
| 100 |
_aMcMahon, Richard A _995712 |
||
| 245 |
_aIntroduction to Networking : _bMike Meyers Computer Skills / _cRichard A Mcmahon, Sr |
||
| 260 |
_aNew Delhi _bTata McGraw Hill _c2003 |
||
| 300 | _a395 p.: | ||
| 505 | _a Introducing Basic Networks Concepts (Page-1), Installing Network Hardware (Page-28), Communicating Over Networks (Page-54), Installing Networks Operating Systems (Page-92), Accessing Networks (Page-134), Building A Directory Service (Page-168), Creating Networks File Systems (Page-208), Printing Over a Network (Page-252), Securing a Network (Page-284), Managing a Network (Page-312). | ||
| 650 | _cNetWorking | ||
| 942 |
_2ddc _cBK _k004.6,MCN |
||
| 999 |
_c176412 _d176412 |
||